000 00791nam a2200265Ia 4500
003 OSt
005 20220926014734.0
006 a|||||r|||| 00| 0
007 ta
008 220923b |||||||| |||| 00| 0 eng d
020 _c
_450
037 _b466, 19/10/1987, Sheetal
_cGeneral Book
040 _aRTL
_cRTL
_beng
041 _2eng
_aeng
082 _aD6,9(B), M6
100 _aPlastock Roy A
_9321095
245 0 _aTheory and problems of computer graphics
260 _aNew York
_bMcGraw-Hill USA
_c1986
300 _a340p
_ccm.
490 _aSchaum's Outline Series
650 _aComputer Science
700 _a Kalley Gordon
_9321096
942 _hD6,9(B), M6
_cGB
_2CC
999 _c629755
_d629755